00475 2200193 4500001002100000005001500021008004100036020002200077035001900099041000700118082001000125090001600135100002500151245001600176260003100192300003300223500001000256650001500266INLIS00000000000461520241224112939241224||||||||| | ||| |||| || |  a978-979-027-289-7 0010-1224004615 aid0 a540.3 a540.3 CAA k0 aCahya Budi Kartiawan00aKamus Kimia aBandungbTitian Ilmuc2013 aiv, 116 hlm. : ilus, ; 20 m. aCet.1 0aIlmu Murni